000 00413nam a2200181Ia 4500
001 3383
005 20260306145639.0
008 260306t1996||||xx |||||||||||||| ||spa||
041 _aESP
082 _a270.92
_bV28
100 _aVan der Elst, Joel (dir)
_eAUT
245 0 _aJuan Pablo II
260 _c1996
300 _a127 páginas :
_c27 cm.
650 _aGEN
654 _aCHU
942 _cLIB
_dJUS
_fJUS
_2ddc
_n
999 _c3383
_d3383